Statistics for Taylor Swift first lines

Click here to take the quiz!

General Stats

  • This quiz has been taken 376 times
  • The average score is 8 of 15

Answer Stats

HintAnswer% Correct
Your on the phone with your girlfriendyou belong with me
95%
i walked through the door with youall too well
84%
he said lets get out of this townwildest dreams
83%
I am not the kind of girl,speak now
73%
I said oh my what a marvellous tunestarlight
51%
stand there like a ghosthow you get the girl
45%
Took a deep breath in the mirrorbegin again
44%
you should have been therethe moment i knew
44%
All I knew this morning when I wokeeverything has changed
43%
I was reminiscing just the other dayholy ground
42%
I bet this time of night your still upi almost do
36%
Long hand written note deep in your pocketsad beautiful tragic
34%
You said it in a simple waycome back be here
33%
Don't look at megirl at home
33%
I remember when we broke up first timewe're never getting back together
10%

Score Distribution

Percentile by Number Answered

Percent of People with Each Score

Your Score History

You have not taken this quiz